Teach Yourself Windows Programming in 21 Days

Αποθηκεύτηκε σε:
Λεπτομέρειες βιβλιογραφικής εγγραφής
Κύριος συγγραφέας: Calvert, Charles
Μορφή: Βιβλίο
Γλώσσα:English
Δημοσίευση: Indianapolis : Sams Publishing, 1993
Ετικέτες: Προσθήκη ετικέτας
Δεν υπάρχουν, Καταχωρήστε ετικέτα πρώτοι!

MARC

LEADER 00000cam a2200000 i 4500
001 1/41352
008 950224s1993 eng d
020 |a 0-672-30344-2 
035 |a 1995  |l 10041484 
040 |a GR-MY-UA  |b gre  |e aacr 
041 0 |a eng 
100 1 |a Calvert, Charles. 
245 1 0 |a Teach Yourself Windows Programming in 21 Days /  |c Charlie Calvert 
260 |a Indianapolis :   |b Sams Publishing,   |c 1993 
300 |a 904 p.;  |c 23 cm. 
852 |a INST  |b SAMOS  |e 19950224  |h 005.43 CAL  |p 005300005933  |q 005300005933  |t BK  |y 12 
909 |a Σ  |b 038812